00726 2200241 4500001002100000005001700021008004100038035002400079082001200103090001700115245009700132260007300229300002300302500002700325650003400352700001900386850001500405980001300420985000600433999001500439999001500454999001500469YOGYA-0209000002468420090227023901.0 ind  0010-020900000024684 a959.863 a959.863bBic aBICARAHHA mula tinpaengi sidenreng najaji engka wanua ri sidenrengcM. Yamin Sani ...[et.al] aJakartabProyek Penelitian dan Pengkajian Kebudayaan Nusantarac1990 avi, 149 hlmc21 cm aBibliografi : hlm. 148 aKebudayaan - Sulawesi Selatan aSani, M. Yamin aYOPDYOG(B) a06-03-07 a3 a06A0020451 a06A0020452 a06A0020453